000 00654cam a22002531 4500
001 sa 67007101
003 DLC
005 20260227112413.0
008 890815s1965 ii a b 000 0 kano
010 _asa 67007101
035 _a(OCoLC)20181862
040 _aDLC
_cWaU
_dDLC
042 _apremarc
043 _aa-ii---
050 0 0 _aBH39
_b.S55
100 1 _aSivarudrappa, G. S.
_d1926-
245 1 0 _aSaundarya samīkṣe.
260 _c[1965]
300 _av, 426, xviii p.
_billus.
_c22 cm.
500 _aIn Kannada.
504 _aBibliography: p. [v]-xii.
650 0 _aAesthetics.
650 0 _aKannada literature
_xHistory and criticism.
999 _c76361
_d76361